| 000 | 00595nam a22002057a 4500 | ||
|---|---|---|---|
| 005 | 20251108174913.0 | ||
| 008 | 250721s2010 xx 000 0 ara d | ||
| 082 | 1 | 4 | _a859.1093/عبد |
| 100 | 1 | _aعبد الحي، صلاح السيد | |
| 245 | 1 | 0 | _aالأينيادة / |
| 264 | 1 |
_aالجيزة : _bمكتبة النافذة، _c2010. |
|
| 300 | _a199ص. | ||
| 490 | 0 | _aأشهر الملاحم | |
| 650 | 1 | 7 | _aالأدب الروماني |
| 650 | 1 | 7 | _aالملاحم |
| 650 | 1 | 7 | _aأدب الرحلات |
| 650 | 1 | 7 | _aالشعر الملحمي |
| 942 |
_2ddc _cBK |
||
| 999 |
_c121101 _d121101 |
||